| 000 | 01124nam a22002417a 4500 | ||
|---|---|---|---|
| 003 | PE SENCICO BE | ||
| 005 | 20251020182713.0 | ||
| 008 | 250314b |||||||| |||| 00| 0 eng d | ||
| 040 |
_aPE SENCICO BE _cPE SENCICO BE |
||
| 041 | _aspa | ||
| 082 |
_aS 378 _bP _c1999 |
||
| 110 | 1 |
_92987 _aServicio Nacional de Capacitación para la Industria de la Construcción. _bDirección de Planificación y Presupuesto |
|
| 245 | 1 |
_aPlan operativo y presupuesto 1999 / _cServicio Nacional de Capacitación para la Industria de la Construcción |
|
| 260 |
_aLima : _bSENCICO ; _c[1999] |
||
| 300 |
_a30 hojas : _btablas ; _c30 cm. |
||
| 505 | 0 | _aMisión y visión institucionales al 2002 -- Objetivos y estrategias 1999 -- Oportunidades, fortalezas, riesgos y debilidades de la institución -- El presupuesto 1999 -- El plan operativo 1999 -- Programas y proyectos por centro de costos | |
| 650 | 1 | 0 |
_91492 _aUniversidades y escuelas superiores |
| 650 | 2 | 0 |
_92436 _aGestión educacional |
| 650 | 2 | 0 |
_92988 _aPresupuesto (Educación) |
| 650 | 2 | 0 |
_9731 _aPlanificación estratégica |
| 910 |
_ahfp _bhfp _chfp |
||
| 942 |
_2ddc _cPUB |
||
| 999 |
_c5124 _d5124 |
||